| 000 | 00882cam a22002417a 4500 | ||
|---|---|---|---|
| 999 |
_c114603 _d114603 |
||
| 001 | 13484843 | ||
| 005 | 20191112092729.0 | ||
| 008 | 040209s1999 be a i000 0 eng d | ||
| 020 | _a9789332586826 | ||
| 040 | _cBUC-R | ||
| 082 | 0 | 0 |
_a621.042 _222 _bBUC-R |
| 100 | _aBuchla, David | ||
| 245 | 0 | 0 |
_aRenewable energy systems / _cby David Buchla, Thomas Kissell and thomas Floyd |
| 260 |
_aUttar Pradesh : _bPearson, _c2017 |
||
| 300 |
_a489 p. : _bcol. ill. ; _c30 cm. |
||
| 500 | _aOn cover: European Commission. | ||
| 500 | _a"CS-24-99-162-EN-C"--P. 4 of cover. | ||
| 650 | 0 |
_aRenewable energy sources _xResearch _zEuropean Union countries. |
|
| 650 | 0 |
_aRenewable energy sources _xTechnological innovations _zEuropean Union countries. |
|
| 650 | 0 |
_aEnergy conservation _xTechnological innovations _zEuropean Union countries. |
|
| 710 | 2 | _aEuropean Commission. | |
| 942 | _cBK | ||